Deep learning in data analytics: recent techniques, practices and applications/ (Record no. 609781)

000 -LEADER
fixed length control field 00648nam a22001697a 4500
020 ## - INTERNATIONAL STANDARD BOOK NUMBER
International Standard Book Number 9783030758547
082 ## - DEWEY DECIMAL CLASSIFICATION NUMBER
Classification number 006.31
Author Mark DEE
100 ## - MAIN ENTRY--PERSONAL NAME
Personal name Debi Prasanna Acharjya, Anirban Mitra, Noor Zaman (Editors)
245 ## - TITLE STATEMENT
Title Deep learning in data analytics: recent techniques, practices and applications/
Statement of responsibility, etc. Debi Prasanna Acharjya, Anirban Mitra, Noor Zaman (Editors)
260 ## - PUBLICATION, DISTRIBUTION, ETC.
Place of publication, distribution, etc. Switzerland:
Name of publisher, distributor, etc. Springer Nature;
Date of publication, distribution, etc. 2022.
300 ## - PHYSICAL DESCRIPTION
Extent 266p.
563 ## - BINDING INFORMATION
Binding note HB.
650 ## - SUBJECT ADDED ENTRY--TOPICAL TERM
Topical term or geographic name entry element Deep learning
-- data analytics
650 ## - SUBJECT ADDED ENTRY--TOPICAL TERM
Topical term or geographic name entry element E-BOOKBANK.SEECSTEXTBOOK
856 ## - Uniform Resource Identifier
Uniform Resource Identifier <a href="http://10.250.8.41:8080/xmlui/handle/123456789/41801">http://10.250.8.41:8080/xmlui/handle/123456789/41801</a>
942 ## - ADDED ENTRY ELEMENTS (KOHA)
Source of classification or shelving scheme
Koha item type Book
650 ## - SUBJECT ADDED ENTRY--TOPICAL TERM
-- 123654
650 ## - SUBJECT ADDED ENTRY--TOPICAL TERM
-- 125472
Holdings
Withdrawn status Lost status Source of classification or shelving scheme Damaged status Not for loan Permanent Location Current Location Date acquired Source of acquisition Total Checkouts Total Renewals Full call number Barcode Date last seen Date last checked out Price effective from Koha item type
          Central Library (CL) Central Library (CL) 06/13/2024 Golden Books Lahore 2 1 006.31 DEE CL-1571 09/16/2025 06/25/2025 06/13/2024 Book
          Central Library (CL) Central Library (CL) 06/27/2024       280 SCB SCB-1571 06/27/2024   06/27/2024 Book
© 2023 Central Library, National University of Sciences and Technology. All Rights Reserved.